000 00577nam a2200157 i 4500
001 23228
003 ES-MaACL
005 20251014063052.0
007 t|
008 021209s1903 sp ||||1| spa d
100 1 _aAlzola y Minondo, Pablo de,
_d1841-1912
_921064
245 1 0 _aLiga vizcaĆ­na de productores
_b: informes relativos a los tratados de comercio, mejora de los cambios y ley [de] huelgas /
_cPablo de Alzola y Minondo.
260 _aBilbao :
_b[s.n.,
_c1903] (
_fImp. de la Casa de Misericordia)
852 _aES-MaACL
_jT-1038-F-6
999 _c23228
_d23228